• 首页
  • 本馆介绍
  • 公告通知
  • 最新文献
  • 馆藏检索
  • 电子资源
  • 读者导购
  • 参考咨询
  • 我的图书馆
  • 登录
  • 详细信息显示
  • 放入我的书架
  • 预约/预借图书
  • 作者相关作品
  • 分类相关作品
  • 丛书相关作品
  • 出版社相关作品

书目信息

  • 表格格式
  • 工作单格式
  • 卡片格式
题名:
史丰收速算法
    
 
作者: 史丰收 著
分册:  
出版信息: 北京   科学出版社  1989.6
页数: 196页
开本: 19cm
丛书名:
单 册:
中图分类: O121.4
科图分类: 51.216
主题词: 速算--方法
电子资源:
ISBN: 7-03-001301-8
000 00684nam0 2200241 45
001 0189014434
005 20061121090315.59
010    @a7-03-001301-8@dCNY3.20
020    @aCN@b89014434
100    @a19910304d1989 m y0chiy0120 ea
101 0  @achi
102    @aCN@b110000
105    @af z 000yy
200 10 @a史丰收速算法@Ashi feng shou su suan fa@f史丰收著@Fshi feng shou zhu
210    @a北京@c科学出版社@d1989.6
215    @a196页@c照片@d19cm
540 1  @a史丰收 速算法@Ashi feng shou su suan fa
606    @a速算@x方法
690    @aO121.4
692    @a51.216@v1974
701  0 @a史丰收@Ashi feng shou@4著
801  0 @aCN@bTSSF@c20061121
905    @a10447@dO121.4@e48
    
    史丰收速算法/史丰收著.-北京:科学出版社,1989.6
    196页:照片;19cm
    
    
    ISBN 7-03-001301-8:CNY3.20
    
●
相关链接 在E读中查询图书 在五车中查询图书 在当当中查询图书 在豆瓣中查询图书


正题名:史丰收速算法     索取号:O121.4/48         预约/预借

序号 登录号 条形码 馆藏地/架位号 状态 备注
1 0248595   01246020   第二样本阅览室/ [索取号:O121.4/48] 在馆    
唐山师范学院图书馆 欢迎您!
大连网信软件有限公司© 版权所有